000
00295nam a22001337a 4500
008
170130b xxu||||| |||| 00| 0 eng d
020
_a
9780131960794
041
_a
eng
080
_2
P9
_a
61
100
_a
3
101
_a
SHMI
245
_a
ELECTRONIC HEALTH RECORDS
_c
GARTEE, R
942
_2
udc
_c
BK
999
_c
3972
_d
3972